Normal view
MARC view
- Romkey, John
Entry Personal Name
001 - CONTROL NUMBER
- control field: 95706
003 - CONTROL NUMBER IDENTIFIER
- control field: NUST
005 - DATE AND TIME OF LATEST TRANSACTION
- control field: 20220728182521.0
008 - FIXED-LENGTH DATA ELEMENTS
- fixed length control field: 220728|| aca||aabn | a|a d
040 ## - CATALOGING SOURCE
- Original cataloging agency: NUST
- Transcribing agency: NUST
100 ## - HEADING--PERSONAL NAME
- Personal name: Romkey, John
670 ## - SOURCE DATA FOUND
- Source citation: Work cat.: (NUST)193423: McNamara, John E. 95705, Local area networks :an introduction to the technology /, c1996.
